| 000 | 00679cam a2200217 i 4500 | ||
|---|---|---|---|
| 999 |
_c1968 _d1968 |
||
| 001 | 19142 | ||
| 003 | BD-DhUAP | ||
| 005 | 20200218133557.0 | ||
| 008 | 200218t20121974ii af b 001 0 eng | ||
| 020 | _a9788175342927 | ||
| 040 |
_aDLC _cDLC _dBD-DhUAP _bEng |
||
| 082 | 0 | 0 |
_a364.12 WAL _223 |
| 100 | 1 | _aWalls, H. J. | |
| 245 | 1 | 0 |
_aForensic science : _ban introduction to scientific crime detection / _cby H. J. Walls. |
| 250 | _a2nd ed. | ||
| 260 |
_aNew Delhi : _bUniversal, _cc1974 [Reprinted 2012]. |
||
| 300 |
_axiv, 257 pages : _billustrations ; _c24 cm. |
||
| 504 | _aIncluded bibliographical references and index. | ||
| 650 | 0 | _aCriminal investigation. | |
| 942 |
_2ddc _cBK |
||